| 000 | 01299nam a2200373 i 4500 | ||
|---|---|---|---|
| 001 | 40883 | ||
| 003 | KOSZ 005 | ||
| 005 | 20230126141343.0 | ||
| 008 | 020523s2001 pl a |000 0 pol | ||
| 015 | _aPB 2002/9115 | ||
| 040 |
_aWA N _cWA N _dKOSZ 005/HR |
||
| 046 | _k2001 | ||
| 080 | _a004.413 | ||
| 080 | _a658.5 | ||
| 080 | _a(075.8) | ||
| 245 | 0 | 0 |
_aLaboratorium z CAD-CAM / _cRyszard Knosala [et al.] ; pod red. Ryszarda Knosali. |
| 260 |
_aOpole : _bPO, _c2001. |
||
| 300 |
_a408 s. : _bil. ; _c24 cm. |
||
| 336 |
_2rdacontent _aTekst _btxt |
||
| 337 |
_2rdamedia _aBez urządzenia pośredniczącego _bn |
||
| 338 |
_2rdacarrier _aWolumin _bnc |
||
| 380 | _aKsiążki | ||
| 388 | _a2001- | ||
| 490 | 1 |
_aSkrypt / Politechnika Opolska, _x1427-9932 ; _vnr 243. |
|
| 504 | _aBibliogr. przy rozdz. | ||
| 650 | 4 | _aProjektowanie wspomagane komputerowo | |
| 655 | 4 | _aPodręczniki akademickie | |
| 658 | _aInformatyka i technologie informacyjne | ||
| 700 | 1 |
_aKnosala, Ryszard _d(1949- ) _eRedakcja |
|
| 710 | 2 |
_aOficyna Wydawnicza Politechniki Opolskiej _4pbl. |
|
| 830 | 0 |
_aSkrypt - Politechnika Opolska _vnr 243 |
|
| 856 |
_uhttp://koha.tu.koszalin.pl/cgi-bin/koha/opac-detail.pl?biblionumber=40883 _yKatalog online BPK |
||
| 942 |
_2UKD _cKS |
||
| 999 |
_c40883 _d40883 |
||